00299nam a2200133Ia 45000030006000000080041000060400015000471000024000622450020000862500010001062600020001165460012001360050017001480STCL150530s9999 xx 000 0 und d aSTCLcSTCL aSalgonkar, V.D.; Ed aGates of wisdom aFirst bMacmillanc1970 aEnglish20220125171146.0